000 00286nam a22001337a 4500
008 170301b xxu||||| |||| 00| 0 eng d
020 _a9789603993377
041 _aeng
080 _a617
100 _a6
101 _aSHK
245 _aSURGICAL ONCOLOGY
_cPAPPAS, TH.N
942 _2udc
_cBK
999 _c6483
_d6483